Tutte le opere / (Record no. 73028)

MARC details
000 -LEADER
campo de control de longitud fija 00776nam a2200193 i 4500
001 - NÚMERO DE CONTROL
campo de control 73028
003 - IDENTIFICADOR DE NÚMERO DE CONTROL
campo de control ES-MaACL
005 - FECHA Y HORA DE LA ÚLTIMA TRANSACCIÓN
campo de control 20230906171637.0
007 - CAMPO FIJO DE DESCRIPCIÓN FÍSICA--INFORMACIÓN GENERAL
campo de control de longitud fija t|
008 - DATOS DE LONGITUD FIJA--INFORMACIÓN GENERAL
campo de control de longitud fija 040906s1935 it ||||1| ita d
080 ## - NÚMERO DE LA CLASIFICACIÓN DECIMAL UNIVERSAL
Número de la Clasificación Decimal Universal 821.131.1-2"17"
100 1# - ENTRADA PRINCIPAL--NOMBRE DE PERSONA
Nombre de persona Goldoni, Carlo (
Fechas asociadas al nombre 1707-1793)
9 (RLIN) 57673
245 10 - MENCIÓN DEL TÍTULO
Título Tutte le opere /
Mención de responsabilidad, etc. di Carlo Goldoni ; a cura di Giuseppe Ortolani.
260 ## - PUBLICACIÓN, DISTRIBUCIÓN, ETC.
Lugar de publicación, distribución, etc. [S.l. :
Nombre del editor, distribuidor, etc. s.n.,
Fecha de publicación, distribución, etc. 1935]
300 ## - DESCRIPCIÓN FÍSICA
Extensión LIV, 1182 p., 1 lám. ;
Dimensiones 18 cm.
505 8# - NOTA DE CONTENIDO CON FORMATO
Nota de contenido con formato Contiene: V. I: Carlo Goldoni. Cronologia della vita e delle opere di Carlo Goldoni. Mémoires. Prefazioni di Carlo Goldoni ai diccassette tomi delle commedie edite a Venezia de G.B. Pasquali (1761-1778). Commedie di Carlo Goldoni. Note
700 1# - ENTRADA AGREGADA--NOMBRE PERSONAL
Nombre de persona Ortolani, Giuseppe.
9 (RLIN) 87667
852 ## - LOCALIZACIÓN
Ubicación ES-MaACL
Número de control de estantería C-7425
Holdings
Estatus retirado Estado de pérdida Estado de daño No para préstamo Biblioteca de origen Biblioteca actual Ubicación en estantería Fecha de adquisición Fuente de adquisición Total de préstamos Signatura topográfica completa Código de barras Visto por última vez Precio de reemplazo Tipo de ítem Koha
        Biblioteca del Ateneo de Madrid Biblioteca del Ateneo de Madrid Sala Palomar 17/01/2008     C-7425 1076445 23/02/2023 23/02/2023 Libro impreso